000 00904cab a2200241 4500
001 ABS40119
008 090401t1988 xxu||||| |||| 00| 0 eng d
035 _a(Sirsi) u21601
041 _aeng
100 _aWilliams, D.
245 _aLandlord and Tenant Act 1954 : The Law Commission`s proposals
260 _c1988
350 _a0
490 _aEstates Gazette
_v(8848) 3 December 1988, 61-62(2)
520 _aHighlights the main points of the Law Commission working paper on Landlord and Tenant Act 1954 part II under the headings occupation for business, notices, time limits and court applications, interim rent, contracting out and miscellaneous.
650 _aALLNATT LONDON PROPERTIES LTD V NEWTON
650 _aCOMPENSATION
650 _aCRISTINA V SEEAR
650 _aEDICRON LTD V WILLIAM WHITELEY LTD
690 _aLandlord and tenant
_96252
942 _n0
948 _c04/03/1997
999 _c14495
_d14495